Statistics for People with E initials #2

Click here to take the quiz!

General Stats

  • This quiz has been taken 33 times
  • The average score is 10 of 21

Answer Stats

Initials Clue Person % Correct
EJ"Tiny Dancer", "Crocodile Rock", "Your song"Elton John
96%
EDAmerican comedian, TV host and LGBT activistEllen DeGeneres
85%
EFStar of "The Adventures of Robin Hood" (1938)Errol Flynn
81%
EPWriter of "The Raven" and "The Masque of the Red Death"Edgar Allan Poe
78%
ETEnglish actress of "Sense and Sensibility" and "Nanny McPhee"Emma Thompson
70%
EIOne of the Monty PythonsEric Idle
67%
EMObi-Wan KenobiEwan McGregor
59%
ENAmerican Prohibition agentEliot Ness
59%
EWFrodo BagginsElijah Wood
56%
EH"Austin Powers", "Bedazzled"Elizabeth Hurley
52%
EBEnglish actress married to John KrasinskiEmily Blunt
48%
ESHe is in love with your shapeEd Sheeran
41%
EC"The Mother of Dragons", "Khaleesi"Emilia Clarke
33%
EOThe Scarlett Witch from MarvelElizabeth Olsen
30%
EZHe won three gold medals at the Helsinki OlympicsEmil Zatopek
22%
EL"The Hobbit" and "Ant-Man and the Wasp" starEvangeline Lilly
22%
EAHost of "Dancing with the Stars"Erin Andrews
19%
ERModel who appeared in "Blurred Lines" music videoEmily Ratajkowski
15%
EGFrench actress and former James Bond GirlEva Green
15%
EK"Arizona Dream" and "Time of the Gypsies" directorEmir Kusturica
11%
EVCanadian actress who starred in "Captain America" or "Revenge"Emily VanCamp
11%

Score Distribution

Percentile by Number Answered

Percent of People with Each Score

Your Score History

You have not taken this quiz